Fallout 3 Weapons in Real Life - Statistics

General Stats
  • This quiz has been taken 5 times
  • The average score is 3 of 14
Answer Stats
Picture Answer % Correct
Shansi Type 17
80%
Cetme Model 58/HK G3
60%
Magnum Research Desert Eagle Mark I
60%
HK MP5K
20%
PPSh-41
20%
RPD/AS VAL
20%
Smith & Wesson Model 29
20%
S&W Model 2 Double Action
20%
Daisy Red Ryder
0%
Henry 1860
0%
Henry 1860
0%
Stevens 311A
0%
Stevens 311R
0%
Winchester Model 70
0%
No matching quizzes found
Score Distribution
Percent of People with Each Score
Percentile by Number Answered
Your Score History
You have not taken this quiz